|
|
|
|
| LEADER |
01669nam a2200421 a 4500 |
| 001 |
nkc20081820147 |
| 003 |
CZ PrNK |
| 005 |
20091127085035.0 |
| 007 |
ta |
| 008 |
080919s2008 xr a f p 001 0 cze |
| 015 |
|
|
|a cnb001820147
|
| 020 |
|
|
|a 978-80-7367-502-8
|q (váz.)
|
| 035 |
|
|
|a (OCoLC)316298654
|
| 040 |
|
|
|a ABA001
|b cze
|
| 072 |
|
7 |
|a 364-1/-7
|x Druhy sociální pomoci a služeb
|2 Konspekt
|9 18
|
| 072 |
|
7 |
|a 37.016
|x Učební osnovy. Vyučovací předměty. Učebnice
|2 Konspekt
|9 22
|
| 080 |
|
|
|a 364-78
|2 MRF
|
| 080 |
|
|
|a (048.8)
|2 MRF
|
| 080 |
|
|
|a (075.8)
|2 MRF
|
| 100 |
1 |
|
|a Matoušek, Oldřich,
|d 1947-2022
|7 nlk19990073542
|4 aut
|
| 245 |
1 |
0 |
|a Metody a řízení sociální práce /
|c Oldřich Matoušek a kol.
|
| 250 |
|
|
|a Vyd. 2.
|
| 260 |
|
|
|a Praha :
|b Portál,
|c 2008
|
| 300 |
|
|
|a 380 s. :
|b il. ;
|c 24 cm
|
| 504 |
|
|
|a Obsahuje bibliografie a rejstřík
|
| 521 |
8 |
|
|a Určeno studentům sociální práce, sociální pedagogiky a příbuzných oborů, sociálním pracovníkům v praxi, pracovníkům v oblasti sociální politiky, státní správy a dalším
|
| 650 |
0 |
7 |
|a sociální práce
|7 ph125805
|2 czenas
|
| 650 |
0 |
9 |
|a social work
|2 eczenas
|
| 655 |
|
7 |
|a monografie
|7 fd132842
|2 czenas
|
| 655 |
|
7 |
|a učebnice
|7 fd133770
|2 czenas
|
| 655 |
|
9 |
|a monographs
|2 eczenas
|
| 655 |
|
9 |
|a textbooks
|2 eczenas
|
| 856 |
4 |
1 |
|u http://www.digitalniknihovna.cz/mzk/uuid/uuid:f4c266b0-34db-11e3-a5bb-005056827e52
|y Digitalizovaný dokument
|x NDK
|
| 910 |
2 |
|
|a BOA001
|b 2-1233.087
|
| 990 |
|
|
|a BK
|
| 995 |
|
|
|a 01
|
| 991 |
|
|
|b 200911
|c NOV
|j 364 MAT
|
| 996 |
6 |
|
|b 2610395872
|c 2-1233.087
|l MZK
|r Sklad / do 1 hodiny
|n 57
|p p.v.
|w 000963613
|u 000010
|a 1
|e BOA001
|j MZK50
|s P
|